ბათუმის შოთა რუსთაველის სახელმწიფო უნივერსიტეტის ბიბლიოთეკა

ქართველი და სომეხი ხალხების ურთიერთობა XIII-XVIII საუკუნეებში / (ბიბ.ჩანაწერი № 56274)

000 -ლიდერი
ფიქსირებული სიგრძის საკონტროლო ველი 01609nam a2200265Ia 4500
001 - საკონტროლო ნომერი
საკონტროლო ველი 23385
003 - საკონტროლო ნომრის იდენტიფიკატორი
საკონტროლო ველი GE_BSU
005 - ბოლო ოპერაციის თარიღი და დრო
საკონტროლო ველი 20251222211223.0
008 - ფიქსირებული სიგრძის მონაცემთა ელემენტები - ზოგადი ინფორმაცია
ფიქსირებული სიგრძის საკონტროლო ველი 181216s1982||||ge |||||||||||||| ||geo||
040 ## - კატალოგიზაციის წყარო
Transcribing agency GE_BSU
041 ## - ენის კოდი
Language code of text/sound track or separate title geo
080 ## - უნივერსალური ათობითი კლასიფიკაციის ინდექსი
Universal Decimal Classification number 94(479.22:479.25) მ-16
100 ## - მთავარი ჩანაწერი - პიროვნების სახელი
Personal name მაისურაძე, გურამ
9 (RLIN) 1627
245 ## - ცნობა სათაურის შესახებ
Title ქართველი და სომეხი ხალხების ურთიერთობა XIII-XVIII საუკუნეებში /
Statement of responsibility, etc გურამ მაისურაძე ; რედ. : გ.პაიჭაძე ; ივ. ჯავახიშვილის სახ. ისტორიის, არქეოლოგიისა და ეთნოგრაფიის ინ-ტი.
264 ## - წარმოების, გამოცემის, დისტრიბუციის და სხვა ცნობები
გამოცემის, წარმოების, დისტრიბუციის... ადგილი თბილისი :
გამოცემის, წარმოების, დისტრიბუციის... სახელწოდება მეცნიერება,
გამოცემის, წარმოების, დისტრიბუციის... თარიღი 1982.
300 ## - ფიზიკური აღწერა
Extent 331 გვ. ;
Dimensions 21 სმ..
520 ## - SUMMARY, ETC.
Summary, etc რეზიუმე რუსულ ენაზე
653 ## - INDEX TERM--UNCONTROLLED
Uncontrolled term ისტორია
653 ## - INDEX TERM--UNCONTROLLED
Uncontrolled term საქართველო-სომხეთის ურთიერთობის ისტორია
653 ## - INDEX TERM--UNCONTROLLED
Uncontrolled term ქართველი და სომეხი ხალხების ურთიერთობა XIII-XVIII საუკუნეებში
700 ## - ADDED ENTRY--PERSONAL NAME
Personal name პაიჭაძე, გ.
Relator term რედაქტორი
9 (RLIN) 1628
710 ## - ADDED ENTRY--CORPORATE NAME
Corporate name or jurisdiction name as entry element ივ. ჯავახიშვილის სახ. ისტორიის, არქეოლოგიისა და ეთნოგრაფიის ინ-ტი.
9 (RLIN) 26587
942 ## - ADDED ENTRY ELEMENTS (KOHA)
Koha item type წიგნი
Source of classification or shelving scheme
ეგზემპლარები
ჩამოწერის სტატუსი დაკარგული ეგზემპლარის სტატუსი კლასიფიკაციის წყარო ან თაროზე გაწყობის სქემა დაზიანების სტატუსი არ გაიცემა მუდმივი მდებარეობა (დაცვის ადგილი) ამჟამინდელი ადგილსამყოფელი თაროზე განთავსების ადგილი შეძენის თარიღი ღირებულება, შესყიდვის ნორმალური ფასი სრული შენახვის შიფრი შტრიხკოდი ბოლო ოპერაციის თარიღი ეგზემპლარის მიმდევრობითი ნომერი (კეტერი?) ფასის ძალაში შესვლის თარიღი ეგზემპლარის სახეობა საჯარო შენიშვნა
          ბათუმის შოთა რუსთაველის სახელმწიფო უნივერსიტეტის მთავარი ბიბლიოთეკა ბათუმის შოთა რუსთაველის სახელმწიფო უნივერსიტეტის მთავარი ბიბლიოთეკა წიგნსაცავი 2018-12-17 7.00 94(479.22:479.25) მ-16 28321 2018-12-17 28321 2018-12-17 წიგნი 7.00 ₾.